Регионална библиотека "Любен Каравелов" - Русе

Пейо Яворов (Запис номер 136503)

MARC детайли
000 -Лидер
Контролно поле с фиксирана дължина 01552nam a2200373 c 4500
003 - Код на организацията, давaща контролен номер
Контролно поле BLK
005 - Дата и час на последна редакция
Контролно поле 20230401030254.0
008 - Елементи от данни с фиксирана дължина
fixed length control field 180409b bul|||||r ||||||| ||bul||
010 ## - Наследен системен номер
LC control number KNG00142448000
040 ## - Източник на каталожния запис
Идентификатор на билиотеката - собственик на записа BLK
041 ## - Код за език
Код за езика на текст/звукозапис или на отделно заглавие Български
Код за езика КДБФ Български
080 ## - УДК
Текстов определител УДК Българска литература
УДК код - определител по УДК 821.163.2
УДК определител (092)
УДК - код + определител 821.163.2(092)
080 ## - УДК
Текстов определител УДК Българска литература
УДК код - определител по УДК 821.163.2
УДК определител -31
УДК - код + определител 821.163.2-31
080 ## - УДК
Текстов определител УДК Български поет
УДК код - определител по УДК 929 Яворов, Пейо Крачолов
УДК определител
УДК - код + определител 929 Яворов, Пейо Крачолов
100 1# - Редна дума - Автор
Автор Георгиев, Любен
Авторска отговорност първи автор
Автор - информация (биография) Христов, Любен Георгиев
R(LIN) 363917
139 ## - Редно поле
Редна дума Георгиев, Любен
Авторски знак Яво - Я 18
245 10 - Сведения за заглавието
Заглавие Пейо Яворов
Подзаглавни данни Романизирана моногр.
Редно поле (дума) Любен Георгиев.
250 ## - Област на изданието
Сведения за изданието 2. прераб. изд.
257 ## - Страна на издаване
Страна на създаване/издаване България
260 ## - Област на издателските данни
-- София
Име на издателя, разпространителя и проч. ОФ
Година на издаване 1982
Печатница Враца : В. Александров
300 ## - Физическа характеристика
Страници 395 с.
Размери/Мащаб 21 см
380 ## - Жанр
Жанр Литературознание
500 ## - Общи забележки
Забележка 1. изд. 1972 в библ. Бележити българи. - 15 200 тир.
650 #4 - Допълнително описание по предмет – тема
Основно описание – тема или топоним Поети, български
9 (RLIN) 241945
653 ## - Ключова дума – ненормативна
Ключова дума българска литература
653 ## - Ключова дума – ненормативна
Ключова дума български писатели
653 ## - Ключова дума – ненормативна
Ключова дума български поети
852 ## - Местоположение
Форматна сигнатура Цб 112906
856 4# - Електронен адрес и достъп
Електронен формат pdf - файл
Път до файла /url/
856 4# - Електронен адрес и достъп
Електронен формат pdf - файл
Път до файла /url/
942 ## - АРТИКУЛИ
Вид на библиотечния материал Книги
Скрит в OPAC Не
944 ## - СЪЗДАВАНЕ И РЕДАКЦИЯ на ЗАПИСА
Създаване/Редакция Създаване
Дата на регистрацията/редакция 26.09.2016
Служител, извършил регистрацията/редакцията Валя_Йорданова
944 ## - СЪЗДАВАНЕ И РЕДАКЦИЯ на ЗАПИСА
Създаване/Редакция Редакция
Дата на регистрацията/редакция 26.09.2016
Служител, извършил регистрацията/редакцията Валя_Йорданова
999 ## - СИСТЕМНИ КОНТРОЛНИ НОМЕРА
Koha biblionumber 136503
Koha biblioitemnumber 136503
Наличности
Код за отписване Код за изгубен артикул Източник на класификационната схема Код за повреда Коз за рестрикции Код за отдаване Артикулен № Име на библиотеката - собственик Име на библиотеката, в която се намира в момента Статус (Текущо местоположение) Дата на вписване в системата Местоположение - отдел Цена в лева Инвентарен номер Систематично азбучна сигнатура Баркод Номер на екземпляра Цена в евро Служебна бележка Служебен тип на артикула
  Не е изгубен Universal Decimal Classification Не е повреден без рестрикции ползва се в читалня 223129 Регионална библиотека "Любен Каравелов" Русе Регионална библиотека "Любен Каравелов" Русе Хранилище 1982-01-01 Хранилище 2.50 345047 Цб 112906 900000021575 1 1.28 Дост: Dp Вид: Д N: Сф Дата: 01.01.1982 Книги
Изтеглен Не е изгубен Universal Decimal Classification Не е повреден без рестрикции заемане за дома 223130 Регионална библиотека "Любен Каравелов" Русе Регионална библиотека "Любен Каравелов" Русе Заемна - подръчен фонд 1982-01-01 Заемна - подръчен фонд 2.50 623473 П 886.7(092)/Я 18 623473 2 1.28 N: Сф Дата: 01.01.1982 Дата инв: 07.02.2018 Бележки инв: П2018 Книги
Изтеглен Не е изгубен Universal Decimal Classification Не е повреден без рестрикции заемане за дома 223131 Регионална библиотека "Любен Каравелов" Русе Регионална библиотека "Любен Каравелов" Русе Заемна - подръчен фонд 1982-01-01 Заемна - подръчен фонд 2.50 648917 П 886.7(092)/Я 18 648917 3 1.28 N: Сф Дата: 01.01.1982 Книги
Vip Innovations Ltd, Rousse, Bulgaria 2025